| 000 | 00405nam a2200121Ia 4500 | ||
|---|---|---|---|
| 008 | 230907s9999||||xx |||||||||||||| ||und|| | ||
| 082 |
_a333.335 _bZHO |
||
| 100 |
_aZhou, Jian-Ming. _9115675 |
||
| 245 | 0 | _aSustainable development in Asia, America, and Europe with global applications : | |
| 260 |
_aEdward Elgar Pub., _bCheltenham, UK ; | Nothampton, MA : _c2001 |
||
| 300 | _axxvii, 518 p. ; | ||
| 942 | _cBK | ||
| 999 |
_c599114 _d599114 |
||